Movies Quiz

Random Movies or Oscar Quiz
Score 0/84 Timer 10:00
0 Plays Today
Hint Answer % Correct
PicturePLATOON
95.7%
Original ScreenplayPlatoon
95.7%
CinematographyPlatoon
95.7%
Film EditingPLATOON
95.7%
SoundPLATOON
95.7%
PictureHannah and Her Sisters
95.2%
Supporting ActorMICHAEL CAINE, HANNAH AND HER SISTERS
95.2%
Original ScreenplayHANNAH AND HER SISTERS
95.2%
Art DirectionHannah and Her Sisters
95.2%
Film EditingHannah and Her Sisters
95.2%
DirectorOLIVER STONE, PLATOON
94.8%
DirectorWoody Allen, Hannah and Her Sisters
94.6%
Supporting ActressDIANNE WIEST, HANNAH AND HER SISTERS
94.5%
Supporting ActorWillem Dafoe, Platoon
94.1%
PictureA Room with a View
92.5%
Adapted ScreenplayA ROOM WITH A VIEW
92.5%
Art DirectionA ROOM WITH A VIEW
92.5%
CinematographyA Room with a View
92.5%
Costume DesignA ROOM WITH A VIEW
92.5%
ActorPAUL NEWMAN, THE COLOR OF MONEY
92.1%
Supporting ActorTom Berenger, Platoon
91.9%
PictureChildren of a Lesser God
91.5%
Adapted ScreenplayChildren of a Lesser God
91.5%
ActorWilliam Hurt, Children of a Lesser God
91.3%
Art DirectionAliens
91.2%
Original ScoreAliens
91.2%
Film EditingAliens
91.2%
SoundAliens
91.2%
Hint Answer % Correct
Sound Effects EditingALIENS
91.2%
Visual EffectsALIENS
91.2%
Supporting ActressMaggie Smith, A Room with a View
91%
Adapted ScreenplayThe Color of Money
91%
Art DirectionThe Color of Money
91%
DirectorJames Ivory, A Room with a View
89.8%
ActressSigourney Weaver, Aliens
89.6%
PictureThe Mission
89.4%
Art DirectionThe Mission
89.4%
CinematographyTHE MISSION
89.4%
Costume DesignThe Mission
89.4%
Original ScoreThe Mission
89.4%
Film EditingThe Mission
89.4%
ActressMARLEE MATLIN, CHILDREN OF A LESSER GOD
88.9%
ActressSissy Spacek, Crimes of the Heart
88.4%
Adapted ScreenplayCrimes of the Heart
88%
DirectorRoland Joffe, The Mission
87%
ActorBob Hoskins, Mona Lisa
86.7%
Supporting ActorDenholm Elliott, A Room with a View
86.5%
Original SongTOP GUN, 'Take My Breath Away'
86.1%
Film EditingTop Gun
86.1%
SoundTop Gun
86.1%
Sound Effects EditingTop Gun
86.1%
ActorJames Woods, Salvador
86%
Original ScreenplaySalvador
85.8%
ActressKathleen Turner, Peggy Sue Got Married
85.7%
Supporting ActorDennis Hopper, Hoosiers
85.3%
ActressJane Fonda, The Morning After
85.2%
Hint Answer % Correct
Supporting ActressMary Elizabeth Mastrantonio, The Color of Money
85.1%
ActorDexter Gordon, 'Round Midnight
85%
CinematographyPeggy Sue Got Married
84.4%
Costume DesignPeggy Sue Got Married
84.4%
Supporting ActressTess Harper, Crimes of the Heart
83.6%
Original ScoreHoosiers
83.6%
Supporting ActressPiper Laurie, Children of a Lesser God
83.5%
Original Score'ROUND MIDNIGHT
82.8%
DirectorDavid Lynch, Blue Velvet
79.8%
MakeupTHE FLY
71.8%
Adapted ScreenplayStand By Me
70.8%
Original ScreenplayMy Beautiful Laundrette
70.2%
CinematographyStar Trek IV: The Voyage Home
69.6%
Original ScoreStar Trek IV: The Voyage Home
69.6%
SoundStar Trek IV: The Voyage Home
69.6%
Sound Effects EditingStar Trek IV: The Voyage Home
69.6%
Original ScreenplayCrocodile Dundee
68%
Original SongLittle Shop of Horrors, 'Mean Green Mother from Outer Space'
67.8%
Visual EffectsLittle Shop of Horrors
67.8%
MakeupThe Clan of the Cave Bear
67.7%
Original SongAn American Tail, 'Somewhere Out There'
64.2%
MakeupLegend
62.1%
Costume DesignOtello
62%
Costume DesignPirates
60.6%
Visual EffectsPoltergeist II: The Other Side
60.6%
Original SongThat's Life!, 'Life in a Looking Glass'
57.8%
SoundHeartbreak Ridge
54.5%
Original SongThe Karate Kid Part II, 'Glory of Love'
54.2%
Remove Ads.
Support Sporcle.
Get the best of Sporcle when you Go Orange. This ad-free experience offers more features, more stats, and more fun while also helping to support Sporcle. Thank you for becoming a member.

You're not logged in!

Compare scores with friends on all Sporcle quizzes.
OR
Log In

Show Comments

Extras

Created Jan 1, 2015ReportNominate
Tags:Oscar Quiz, Academy Awards

Top Quizzes Today


Score Distribution

Your Account Isn't Verified!

In order to create a playlist on Sporcle, you need to verify the email address you used during registration. Go to your Sporcle Settings to finish the process.

Report this User

Report this user for behavior that violates our Community Guidelines.

Details: